000 00633nam a2200241Ia 4500
005 20260320201206.0
008 008 262003s9999 xx 000 0 eng d
037 _aEBOOK
040 _aCRL
040 _beng
040 _cCRL
041 _2eng
041 _aeng
084 _qCRL
100 _aTaub
_9896785
245 0 _aHow to Move Up When the Only Way is Down: Lessons from Artificial Intelligence for Overcoming Your Local Maximum
260 _bIEEE
260 _c2025
856 _uhttps://ieeexplore.ieee.org/servlet/opac?bknumber=10950191
942 _cEBOOK
999 _c1719555
_d1719555